00802nam a2200253 a 450000100060000000300090000600800410001502000180005604000280007404100080010210000310011024500780014125000110021926000330023030000270026349000110029065000230030165000350032465000390035965000240039865000540042265000410047670000310051724405CO-ViMGA141112s2004 ck r 000 u spa d a9789581413515 aCO-ViMGAbspacCO-ViMGA aSPA1 aRius Camps, Roser, 1947 - 10aNo quiero hacer pipí en el orinal! / ctexto e ilustraciones Roser Rius a4a ed. aBarcelona : bCombel, c2009 a16 p. : il. col. : il. aCucú14aDESDE LOS 6 MESES 14aINFANCIA - LIBROS DE IMAGENES 14aLEER ES MI CUENTO - COLECCION 201114aLIBROS DE IMAGENES 14aNIÑOS - CUIDADO E HIGIENE - LIBROS DE IMAGENES 14aVIDA COTIDIANA - LIBROS DE IMAGENES 1 aRius Camps, Roser, 1947 -